Auctores latini et graeci tardae aetatis, saec. IV-VI p.Ch.n., quorum scripta ad propositum opus utilia videntur

Tallennettuna:
Bibliografiset tiedot
Päätekijä: Sargenti, Manlio (Tekijä)
Aineistotyyppi: Kirja
Kieli:latina
italia
Julkaistu: Milán A. Giuffrè 2000
Sarja:Materiali per una palingenesi delle costituzioni tardo-imperiali. Serie Prima, 1
Aiheet:
Tagit: Lisää tagi
Ei tageja, Lisää ensimmäinen tagi!

MARC

LEADER 00000nam a2200000 a 4500
001 UCO9875
003 CL-VaPUC
005 20250107124615.0
008 010309e20000000IT |||||||||||||||||lat|d
999 |c 293892  |d 293890 
040 |c Pontificia Universidad Católica de Valparaíso 
041 0 7 |a lat  |2 CL-VaPUC 
041 0 7 |a ita  |2 CL-VaPUC 
082 0 4 |a 340.54  |b SAR  |2 21 
100 0 |a Sargenti, Manlio  |e author  |9 455048 
245 1 0 |a Auctores latini et graeci tardae aetatis, saec. IV-VI p.Ch.n., quorum scripta ad propositum opus utilia videntur 
260 |a Milán  |b A. Giuffrè  |c 2000 
300 |a 153 p 
490 0 |a Materiali per una palingenesi delle costituzioni tardo-imperiali. Serie Prima, 1 
583 |a last modification  |c 20010309 00:00:00  |k Rodrigo Vera 
650 7 |a BIBLIOGRAFIA  |2 CL-VaPUC  |9 256175 
650 0 |a Escritores griegos  |9 455049 
942 |c BK  |2 ddc 
945 |d 20010309 00:00:00  |a vberengu 
952 |0 0  |1 0  |4 0  |6 340_540000000000000_SAR_2000  |7 0  |8 DER_ROM  |9 345662  |a BIBDER  |b BIBDER  |d 2019-11-20  |i 3683710  |o 340.54 SAR 2000  |p 3683710  |r 2023-01-25  |w 2019-11-20  |x Ubicación 4to piso  |y BK_X  |z Este recurso debe solicitarse con anticipación  |k DER